[Event "Pan American Intercollegiate-chT"]
[Site "Dulles"]
[Date "2022.01.07"]
[Round "2.2"]
[White "Bok, Benjamin"]
[Black "Pinisetti, Prateek"]
[Result "1-0"]
[WhiteElo "2619"]
[BlackElo "2135"]
[PlyCount "48"]
[EventDate "2022.01.06"]
[EventType "team-swiss"]
[EventRounds "6"]
[EventCountry "USA"]
[SourceTitle "EXT 2023"]
[Source "ChessBase"]
[SourceDate "2022.10.05"]
[SourceVersion "1"]
[SourceVersionDate "2022.10.05"]
[SourceQuality "1"]
[WhiteTeam "St Louis Univ"]
[BlackTeam "Harvard"]
[WhiteTeamCountry "USA"]
[BlackTeamCountry "USA"]

1. Nf3 Nf6 2. g3 g6 3. Bg2 Bg7 4. c4 0-0 5. Nc3 d6 6. d4 Nbd7 7. 0-0 e5 8. e4 c6 9. Be3 Ng4 10. Bg5 f6 11. Bd2 f5 12. exf5 exd4 13. Bg5 Qb6 14. Na4 Qb4 15. fxg6 hxg6 16. Be7 Rf7 17. a3 Qxc4 18. Bxd6 Nde5 19. Rc1 Qe6 20. Bxe5 Nxe5 21. Ng5 Qg4 22. Nxf7 Qxd1 23. Re1 Qxc1 24. Rxc1 Kxf7 1-0

[Event "Pan American Intercollegiate-chT"]
[Site "Chess.com INT"]
[Date "2021.01.04"]
[Round "2"]
[White "Pinisetti, Prateek"]
[Black "Grinberg, Eyal"]
[Result "0-1"]
[WhiteElo "2135"]
[BlackElo "2491"]
[PlyCount "132"]
[EventDate "2021.01.04"]
[EventType "team-swiss (rapid)"]
[EventRounds "9"]
[EventCountry "USA"]
[SourceTitle "CBM 200 Extra"]
[Source "ChessBase"]
[SourceDate "2021.03.31"]
[SourceVersion "1"]
[SourceVersionDate "2021.03.31"]
[SourceQuality "1"]
[WhiteTeam "Harvard"]
[BlackTeam "Texas Dallas Univ II"]
[WhiteTeamCountry "USA"]
[BlackTeamCountry "USA"]

1. e4 c5 2. Nf3 d6 3. d4 cxd4 4. Nxd4 Nf6 5. Nc3 a6 6. Bc4 e6 7. 0-0 b5 8. Bb3 b4 9. Na4 Nxe4 10. f4 Nf6 11. Qf3 d5 12. Re1 Be7 13. f5 exf5 14. Nxf5 Bxf5 15. Qxf5 0-0 16. Bg5 Nc6 17. Rad1 Qc7 18. c3 Rad8 19. Bc2 g6 20. Rxe7 Qxe7 21. Qxf6 Qxf6 22. Bxf6 Rd6 23. Bd4 Nxd4 24. Rxd4 bxc3 25. Nxc3 Re8 26. Nxd5 Kg7 27. Kf2 Re5 28. Bb3 h5 29. Kf3 Rf5+ 30. Ke2 a5 31. g3 Kh6 32. Bc4 Kg7 33. b3 Re5+ 34. Kf2 Rf5+ 35. Rf4 Rfxd5 36. Bxd5 Rxd5 37. Ke3 f5 38. Rd4 Rc5 39. Rd2 Kf6 40. Kd4 Rc1 41. Ke3 Ke5 42. Kf3 g5 43. Rb2 g4+ 44. Kf2 Ra1 45. Rd2 Rh1 46. Kg2 Ra1 47. Kf2 Ke4 48. Kg2 h4 49. gxh4 f4 50. h5 f3+ 51. Kf2 Rh1 52. Kg3 Rg1+ 53. Kh4 Ke3 54. Rd8 f2 55. Rf8 Rg2 56. h6 Rxh2+ 57. Kxg4 Rxh6 58. Kg3 Rg6+ 59. Kh2 Ke2 60. Re8+ Kd1 61. Rf8 Ke2 62. Re8+ Kd1 63. Rf8 Ke1 64. Re8+ Kf1 65. Rd8 Rh6+ 66. Kg3 Kg1 0-1

[Event "Ivy League Challenge 2nd"]
[Site "Toronto"]
[Date "2019.11.09"]
[Round "4.2"]
[White "Plotkin, Mark"]
[Black "Pinisetti, Prateek"]
[Result "1-0"]
[WhiteElo "2378"]
[BlackElo "2130"]
[PlyCount "69"]
[EventDate "2019.11.08"]
[EventType "team-tourn"]
[EventRounds "5"]
[EventCountry "CAN"]
[SourceTitle "CBM 193 Extra"]
[Source "ChessBase"]
[SourceDate "2020.01.31"]
[SourceVersion "1"]
[SourceVersionDate "2020.01.31"]
[SourceQuality "1"]
[WhiteTeam "Toronto Univ"]
[BlackTeam "Harvard Univ"]
[WhiteTeamCountry "CAN"]
[BlackTeamCountry "USA"]

1. d4 Nf6 2. Nf3 g6 3. g3 Bg7 4. Bg2 0-0 5. 0-0 d6 6. Nc3 Nbd7 7. a4 e5 8. dxe5 dxe5 9. a5 Qe7 10. Ra4 Nc5 11. Rh4 Rd8 12. Qe1 Bf5 13. e4 Bg4 14. Bg5 Bxf3 15. Bxf3 c6 16. Qc1 Ne6 17. Be3 Nd7 18. Be2 b5 19. Rh3 Ndc5 20. f3 Bf6 21. Nd1 Nd4 22. Bxd4 Rxd4 23. Qh6 Ne6 24. Qxh7+ Kf8 25. f4 exf4 26. gxf4 Rxe4 27. Bd3 Rd4 28. Ne3 Bg7 29. Ng2 Qc5 30. Kh1 Qd5 31. Rhf3 Qh5 32. Qxh5 gxh5 33. f5 Ng5 34. f6 Bh6 35. Rf5 1-0

[Event "Ivy League Challenge 2nd"]
[Site "Toronto"]
[Date "2019.11.08"]
[Round "2.1"]
[White "Yi, Richard"]
[Black "Pinisetti, Prateek"]
[Result "1-0"]
[WhiteElo "2083"]
[BlackElo "2130"]
[PlyCount "77"]
[EventDate "2019.11.08"]
[EventType "team-tourn"]
[EventRounds "5"]
[EventCountry "CAN"]
[SourceTitle "CBM 193 Extra"]
[Source "ChessBase"]
[SourceDate "2020.01.31"]
[SourceVersion "1"]
[SourceVersionDate "2020.01.31"]
[SourceQuality "1"]
[WhiteTeam "Massachusetts IT"]
[BlackTeam "Harvard Univ"]
[WhiteTeamCountry "USA"]
[BlackTeamCountry "USA"]

1. e4 e6 2. d4 d5 3. Nc3 Nf6 4. e5 Nfd7 5. f4 c5 6. Nf3 Nc6 7. Be3 cxd4 8. Nxd4 Bc5 9. Qd2 0-0 10. 0-0-0 a6 11. h4 Bxd4 12. Bxd4 b5 13. h5 b4 14. Na4 Qa5 15. b3 Nxd4 16. Qxd4 Bb7 17. Kb1 Rfc8 18. Bd3 Bc6 19. Nb2 Qc5 20. Qxc5 Nxc5 21. g4 a5 22. f5 Re8 23. f6 Nd7 24. Rde1 gxf6 25. exf6 Nxf6 26. g5 Nd7 27. Nd1 e5 28. Bf5 e4 29. g6 Re5 30. Ref1 Bb5 31. gxf7+ Kf8 32. Rf4 Nf6 33. Nf2 Ra7 34. Bg6 hxg6 35. hxg6 Rxf7 36. Rh8+ Ke7 37. gxf7 Kxf7 38. Ng4 Rg5 39. Nxf6 1-0

[Event "US Open-116"]
[Site "Phoenix"]
[Date "2015.08.04"]
[Round "4"]
[White "Pinisetti, Prateek"]
[Black "Ramirez Alvarez, Alejandro"]
[Result "0-1"]
[WhiteElo "1980"]
[BlackElo "2586"]
[PlyCount "50"]
[EventDate "2015.08.01"]
[EventType "swiss"]
[EventRounds "9"]
[EventCountry "USA"]
[SourceTitle "CBM 167 Extra"]
[Source "ChessBase"]
[SourceDate "2015.09.14"]
[SourceVersion "1"]
[SourceVersionDate "2015.09.14"]
[SourceQuality "1"]

1. e4 c5 2. Nf3 e6 3. d4 cxd4 4. Nxd4 Nc6 5. Nc3 Qc7 6. g3 a6 7. Bg2 Nf6 8. 0-0 h5 9. Nb3 d6 10. a4 b6 11. f4 Bb7 12. h3 Be7 13. Be3 Na5 14. Nxa5 bxa5 15. f5 e5 16. Qe2 Rc8 17. Rad1 Qc4 18. Qd3 0-0 19. Rfe1 Qb4 20. Bc1 Rc7 21. Kh2 Rfc8 22. Bf3 Rxc3 23. bxc3 Rxc3 24. Qe2 Qxa4 25. Rd2 Rc4 0-1